Quantifying gait variations in stroke and healthy participants using an in-house setup and predictive modeling for stroke rehabilitation (Record no. 45646)

000 -LEADER
fixed length control field 00547nam a22001697a 4500
001 - CONTROL NUMBER
control field 45646
003 - CONTROL NUMBER IDENTIFIER
control field BD-DhUET
008 - FIXED-LENGTH DATA ELEMENTS--GENERAL INFORMATION
fixed length control field 250802b xxu||||| |||| 00| 0 eng d
040 ## - CATALOGING SOURCE
Transcribing agency 0
Modifying agency BD-DhUET
100 ## - MAIN ENTRY--PERSONAL NAME
Personal name Sadia Anjum Aurna
245 ## - TITLE STATEMENT
Title Quantifying gait variations in stroke and healthy participants using an in-house setup and predictive modeling for stroke rehabilitation
260 ## - PUBLICATION, DISTRIBUTION, ETC. (IMPRINT)
Place of publication, distribution, etc. Dhaka
Name of publisher, distributor, etc. Department of Biomedical Engineering, BUET
Date of publication, distribution, etc. 2025
300 ## - PHYSICAL DESCRIPTION
Extent xiv, 69 p.
501 ## - WITH NOTE
With note One CD-ROM
504 ## - BIBLIOGRAPHY, ETC. NOTE
Bibliography, etc Includes bibliographies
942 ## - ADDED ENTRY ELEMENTS (KOHA)
Koha item type Thesis
Holdings
Damaged status Piece designation (barcode) Shelving location Source of classification or shelving scheme Not for loan Sublocation or collection (holding branch) Price effective from Date acquired Koha date last seen Location (home branch) Withdrawn status Lost status Koha item type
 121013Acquisition section  Central Library, BUET2026-04-122026-04-052026-04-12Central Library, BUET  Thesis